Využívanie SAS-EG na PHF v Košiciach

Využívanie analytických nástrojov softvéru SAS-EG pri výučbe študijných predmetov na Katedre hospodárskej informatiky a matematiky PHF v Košiciach.

Guardado en:
Detalles Bibliográficos
Autor principal: Megyesiová, Silvia, 1969-
Formato: Capítulo de libro
Lenguaje:eslovaco
Materias:
Etiquetas: Agregar Etiqueta
Sin Etiquetas, Sea el primero en etiquetar este registro!

MARC

LEADER 00000nla$a2200000$$$4500
001 0051528
005 20240502071613.6
041 0 |a slo 
044 |a SK 
245 1 0 |a Využívanie SAS-EG na PHF v Košiciach  |c Silvia Megyesiová 
500 |a Prezentácia 
520 |a Využívanie analytických nástrojov softvéru SAS-EG pri výučbe študijných predmetov na Katedre hospodárskej informatiky a matematiky PHF v Košiciach. 
610 2 0 |a odbory študijné 
610 2 0 |a softvér 
610 2 0 |a štatistika 
610 2 0 |a rady časové 
610 2 0 |a Podnikovohospodárska fakulta Ekonomickej univerzity v Košiciach 
100 1 |a Megyesiová, Silvia, 1969-